000 00485nam a2200169Ia 4500
008 140527s9999 xx 000 0 und d
020 _a9788126145119
050 _aTK 5105
_b.M426 2010
100 _aMathur, Er. N.B.L.
245 _aData communication and networking /
_cEr. N.B.L. Mathur
260 _aNew Delhi, India :
_bAnmol Publications,
_cc2010.
300 _a288 p. :
_bill. ;
_c21 cm.
500 _aIncludes index.
521 _aIT
942 _kFOR
_cBK
999 _c117507
_d117507